[Event "XXVII Actius Vallfogona Open"]
[Site "Vallfogona de Balaguer"]
[Date "2019.09.22"]
[Round "6.6"]
[White "Panelo, Marcelo"]
[Black "Adel Lahchaichi, Oussama"]
[Result "0-1"]
[WhiteElo "2360"]
[BlackElo "2282"]
[Annotator "TA"]
[PlyCount "172"]
[EventDate "2019.09.22"]
[EventCountry "ESP"]
[SourceTitle "playchess.com"]
[Source "ChessBase"]
[SourceQuality "1"]

{[%evp 10,171,16,8,10,12,16,12,17,14,17,18,11,0,0,2,0,0,-4,-7,0,0,-4,0,0,-14,-14,-23,-22,-45,-7,-11,69,32,100,99,91,64,64,55,54,60,116,120,101,101,140,145,192,100,99,102,101,102,101,85,101,99,123,89,103,0,112,105,99,41,41,0,0,0,0,0,0,0,2,0,0,-25,0,0,0,0,0,0,0,0,0,0,0,0,0,0,0,0,0,0,0,0,12,0,0,0,0,0,0,0,0,0,0,0,0,0,0,0,0,0,0,0,373,318,244,0,0,0,0,0,0,0,0,0,0,0,0,0,0,0,0,0,0,0,0,-8,0,0,0,0,0,0,0,0,0,0,0,0,297,0,0,0,0,0,0,-29998,-29999,-29999]} 1. d4 d5 2. Nf3 Nf6 3. c4 c6 4. Nc3 a6 5. a4 e6 6. Bg5 a5 $146 {D15: Slav Defence: 4 Nc3 a6 and gambit lines after 4 Nc3 dxc4} ({Predecessor:} 6... Be7 7. e3 {½-½ (11) Avrukh,B (2610)-Dreev,A (2643) Philadelphia 2015}) 7. e3 Be7 8. Be2 Na6 {The position is equal.} 9. O-O O-O 10. Qb3 Nb4 11. Rfd1 h6 12. Bh4 b6 13. cxd5 exd5 14. Na2 Ne4 15. Bxe7 Qxe7 16. Ne5 Bb7 17. Bf3 Ng5 18. Be2 c5 19. Nc3 Qe6 20. Rac1 c4 ({Black should play} 20... Rfe8 $11) 21. Qa3 $14 f5 ({Black should try} 21... Qe8 $14) 22. f4 $16 Nf7 23. Nb5 Rac8 24. b3 $1 cxb3 25. Qxb3 Nd6 ({Better is} 25... Ba6 $14) 26. Nxd6 Qxd6 27. Bb5 Rxc1 28. Rxc1 Rc8 {[#]} 29. Rxc8+ (29. Qb1 $1 $18) 29... Bxc8 30. Qc3 Be6 31. h3 Qd8 32. Kh2 Qc8 33. Qe1 Qf8 34. Qg3 Qf6 35. Qe1 (35. Qf3 $16) 35... Qd8 (35... Qf8 $1 $11 {keeps the balance.}) 36. Qd1 Qh4 37. g3 (37. Qe2 $16) 37... Qe7 $14 38. Qh5 Nc2 $1 39. Nc6 Qf7 40. Qe2 Nb4 41. Ne5 Qc7 42. Bd3 Qc3 43. h4 g6 44. Bb1 {aiming for Qb5.} Kg7 45. g4 Qc1 46. Bd3 Nxd3 47. Qxd3 Qe1 48. Qc2 {Qc7+ would kill now.} Qxh4+ 49. Kg2 Qe7 50. Kg3 Qd8 51. Qc6 Qe7 52. Qxb6 fxg4 53. Nc6 Qf6 {Strongly threatening ...Bd7.} 54. Qc7+ Bf7 55. Ne5 h5 56. Qxa5 h4+ 57. Kxg4 Be6+ 58. Kf3 {Qc7+ is the strong threat.} Qf5 59. Qc7+ Kh6 60. Qe7 Qh3+ 61. Ke2 Qg2+ 62. Ke1 Qg3+ $1 63. Kd2 Qf2+ $2 {[%mdl 8192]} (63... Bf5 $11) 64. Kc3 $18 {White wants to mate with Qg5+.} Qxe3+ 65. Nd3 $2 (65. Kb4 $18 {Intending Qg5+ and mate.} Qxd4+ {[#]} 66. Kb5 $1 {[%mdl 512]} Qb2+ 67. Kc6 Qc1+ 68. Kd6 Qxf4 69. Qxe6 Qb4+ 70. Kxd5 Qa5+ 71. Kd6 Qb4+ 72. Kc7 Qa5+ 73. Kb8 Qb4+ 74. Kc8 Qc5+ 75. Kd8 Qa5+ 76. Ke7 Qb4+ 77. Kf7 Qb7+ 78. Qe7 Qb3+ 79. Kf8 Qb8+ 80. Qe8 Qxe8+ 81. Kxe8) 65... Qh3 $1 $11 ({Don't play} 65... h3 $6 66. a5 $16) 66. Qg5+ Kg7 67. Qe7+ Kh6 68. Qe8 {[%cal Re8h8]} Kg7 69. Qe7+ Kh6 70. Kd2 Bf5 71. Qg5+ Kg7 72. Qe7+ Kh6 73. Qg5+ Kg7 74. Ne5 Qh2+ 75. Kc3 Qc2+ 76. Kb4 Qc7 77. Qxh4 Qb6+ 78. Kc3 Qa5+ 79. Kb3 {Threatens to win with Qe7+.} Qb6+ 80. Ka3 Qd6+ 81. Ka2 {Black must now prevent Qh8+!} Qc7 $2 {[%mdl 8192]} (81... Qb4 $11 {and Black stays safe.} 82. Qf2 Bb1+ 83. Ka1 Bf5) 82. Qf2 $2 (82. Qe1 $18) 82... Qa5 83. Ka3 {Hoping for Qb2.} Qc3+ 84. Ka2 {And now Qb2 would win.} Bc2 {( -> ...Qb3+)} 85. Qf1 $2 {[%mdl 8192]} (85. Qf3 $11 Qd2 86. Qa3 Bxa4+ 87. Qb2 Qxb2+ 88. Kxb2) 85... Qb3+ {[%mdl 64] Double Attack} 86. Ka1 Qa3# {Accuracy: White = 58%, Black = 66%.} 0-1

[Event "XXVII Actius Vallfogona Open"]
[Site "Vallfogona de Balaguer"]
[Date "2019.09.22"]
[Round "6.7"]
[White "Esplugas Esteve, Vicenc"]
[Black "Cruz, Jonathan"]
[Result "0-1"]
[WhiteElo "2372"]
[BlackElo "2409"]
[Annotator "NA"]
[PlyCount "82"]
[EventDate "2019.09.22"]
[EventCountry "ESP"]
[SourceTitle "playchess.com"]
[Source "ChessBase"]
[SourceQuality "1"]
[TimeControl "900+5"]

1. d4 Nf6 2. c4 g6 3. Nc3 d5 4. cxd5 Nxd5 5. e4 Nxc3 6. bxc3 Bg7 7. Bc4 c5 8. Ne2 O-O 9. O-O Nc6 10. Be3 Qc7 11. Rc1 b6 12. Bb5 Bb7 13. Bxc6 Qxc6 14. d5 Qd7 15. c4 e6 16. Qd2 Rae8 17. Bh6 Bxh6 18. Qxh6 exd5 19. Ng3 dxe4 20. Rfd1 Qe6 21. Rc3 Rd8 22. Re1 Qe5 23. Rce3 f5 24. f3 f4 25. Rxe4 Bxe4 26. Nxe4 Qh5 27. Qxh5 gxh5 28. a4 Rd4 29. Rc1 Rfd8 30. Kf2 Rd1 31. Rc2 Ra1 32. Nf6+ Kf7 33. Nd5 Rxa4 34. Nxf4 Rd4 35. Nxh5 Raxc4 36. Re2 Rd5 37. g4 Rcd4 38. Kg3 c4 39. Nf4 Rd6 40. Re3 b5 41. g5 b4 0-1

[Event "XXVII Actius Vallfogona Open"]
[Site "Vallfogona de Balaguer"]
[Date "2019.09.22"]
[Round "6.8"]
[White "Martinez Lopez, Ivan"]
[Black "Martin Duque, Jesus"]
[Result "0-1"]
[WhiteElo "2194"]
[BlackElo "2373"]
[Annotator "TA"]
[PlyCount "66"]
[EventDate "2019.09.22"]
[EventCountry "ESP"]
[SourceTitle "playchess.com"]
[Source "ChessBase"]
[SourceQuality "1"]

{[%evp 13,66,8,13,3,1,0,0,0,-2,0,12,0,4,-30,41,0,0,0,0,-49,12,-29,0,0,2,11,25,-635,-655,-666,-429,-378,-347,-325,-332,-339,-350,-317,-308,-393,-403,-697,-679,-722,-720,-701,-706,-867,-869,-29984,-29985,-29982,-812,-716,-319]} 1. Nf3 Nf6 2. c4 b6 3. g3 Bb7 4. Bg2 g6 5. b3 Bg7 6. Bb2 O-O 7. O-O e6 8. Qc2 {A15: English Opening: 1...Nf6} (8. d4 d5 9. Nbd2 Nbd7 10. Rc1 Re8 11. b4 a5 12. b5 a4 13. Ba3 Ne4 14. e3 f5 15. Qc2 dxc4 16. Nxc4 Bd5 {1-0 (59) Meier,G (2650)-Bortnyk,O (2610) Riadh 2017}) 8... d5 9. cxd5 exd5 10. d4 {The position is equal.} Na6 $146 ({Predecessor:} 10... Nbd7 11. e3 Rc8 12. b4 {½-½ (21) Milic,S (1919)-Zivanovic,B (2061) Paracin 2018}) 11. Nbd2 c5 12. a3 Rc8 13. Qb1 c4 ({Better is} 13... Re8 $11) 14. Rc1 {[%cal Rb3c4]} cxb3 15. Nxb3 Ne4 16. Qd3 {[#]} Nc7 ({Black should play} 16... Nac5 $1 $15 {[%mdl 512]} 17. Nxc5 (17. dxc5 Bxb2) 17... bxc5) 17. a4 Ba6 18. Qd1 Re8 19. e3 Bh6 {And now ...Nxf2! would win.} 20. Nfd2 $2 {[%mdl 8192] [#]} (20. Ne5 $11) 20... Nxf2 $1 $19 {[%mdl 512]} 21. Qf3 (21. Kxf2 Bxe3+) 21... Bxe3 22. Re1 Nd1+ 23. Kh1 Bxd2 ({But not} 23... Nxb2 24. Rxe3 Qg5 25. Nf1 $19) 24. Rxe8+ Qxe8 25. Qxd1 Bb4 26. a5 Be2 27. Qb1 (27. Qg1 $142) 27... Bc4 28. axb6 axb6 29. Qd1 Qe3 30. Nc1 Re8 31. Bf3 Qf2 32. Nd3 {[#]} Bxd3 (32... Re1+ $142 $1 {[%mdl 512]} 33. Qxe1 (33. Nxe1 Qf1#) 33... Qxf3+ {[%mdl 64] Double Attack} 34. Kg1 Bxe1 35. Rxe1 Bxd3 36. Bc3 Be4 37. Rxe4 dxe4 38. Bd2 Qd1+ 39. Kg2 Qxd2+ {[%mdl 64] Double Attack} 40. Kh3 Qf2 41. d5 Nxd5 42. Kh4 Qxh2+ 43. Kg5 Qh5#) 33. Qxd3 Re3 {Accuracy: White = 29%, Black = 54%.} (33... Qxb2 $142 34. Rb1 Re1+ 35. Rxe1 Bxe1) 0-1

[Event "XXVII Actius Vallfogona Open"]
[Site "Vallfogona de Balaguer"]
[Date "2019.09.22"]
[Round "6.9"]
[White "Gonzalez Rodriguez, Jorge A."]
[Black "Rahal, Michael A"]
[Result "1/2-1/2"]
[WhiteElo "2263"]
[BlackElo "2309"]
[Annotator "TA"]
[PlyCount "132"]
[EventDate "2019.09.22"]
[EventCountry "ESP"]
[SourceTitle "playchess.com"]
[Source "ChessBase"]
[SourceQuality "1"]

{[%evp 9,132,-23,-10,-24,4,-27,15,13,33,51,67,64,116,107,93,83,85,81,75,47,49,41,89,99,159,120,147,151,160,92,85,67,80,73,72,66,72,0,22,0,95,94,102,94,128,139,139,131,131,33,78,78,88,87,88,88,81,82,76,83,302,308,308,312,318,220,300,305,299,279,348,335,331,324,464,475,455,420,382,59,59,59,59,59,81,0,0,0,8,8,8,8,92,92,99,8,127,157,167,175,175,175,175,175,175,175,195,0,3,0,0,0,0,0,0,0,0,0,0,0,0,0,0,0,0]} 1. b3 Nf6 2. Bb2 g6 3. Bxf6 exf6 4. d4 c5 (4... d5 5. e3 c6 6. g3 h5 7. h4 Bg4 8. Qd2 a5 9. Bg2 Nd7 10. Ne2 a4 11. b4 Bxe2 12. Kxe2 {½-½ (42) Kuzmicz,K (2460)-Moranda,W (2601) Poland 2018}) 5. e3 Bg7 6. c3 {A01: Nimzowitsch-Larsen Opening} O-O 7. g3 a5 $146 ({Predecessor:} 7... cxd4 8. cxd4 d5 9. Bg2 Bf5 10. Nc3 Qa5 11. Qd2 Rc8 12. Nxd5 Qxd2+ 13. Kxd2 {½-½ (57) Garcia Galeote,L (1973)-Corral Aragon,J (1845) Collado Villalba 2015}) 8. Bg2 a4 9. b4 cxd4 10. cxd4 a3 (10... Nc6 $14) 11. Nc3 Nc6 12. b5 Ne7 13. Nge2 d5 14. Nf4 {[%cal Rf4d5]} Be6 15. Qb3 {[%cal Rc3d5]} Qa5 16. O-O {[%cal Rc3d5]} Rac8 (16... Rfd8 $142) 17. Ncxd5 Nxd5 18. Bxd5 Rc3 19. Qb1 (19. Qd1 $142 $1) 19... Bd7 $16 20. Bxb7 Bxb5 21. Rc1 Rb8 22. Rxc3 Qxc3 23. Bf3 (23. Bd5 $16) 23... f5 24. Be2 Qb2 (24... Bh6 $11) 25. Bxb5 Rxb5 26. Qd1 $1 $36 {[%mdl 2048] White has strong initiative.} Bf8 27. Nd3 Qc3 28. Rc1 Qa5 29. Rb1 (29. Qc2 $16) 29... Bd6 30. Rb3 Rxb3 31. Qxb3 h5 32. h4 Kg7 33. Qc4 Qd2 34. Kg2 Qe2 $2 (34... Qd1 $16) 35. Ne5 $18 Qxc4 36. Nxc4 {[%mdl 4096] Endgame KB-KN} Bb4 37. Kf3 Kf6 38. d5 Bc5 39. Ke2 Bb4 40. f3 Ke7 41. e4 fxe4 (41... Bc5 {was called for.} 42. e5 Kd7) 42. fxe4 f6 43. Kf3 Bc5 44. e5 $2 ({Better is} 44. Kf4 $18) 44... fxe5 $14 45. Nxe5 Kd6 46. Ke4 Bf2 47. Nxg6 (47. g4 $1 $16 hxg4 48. Nxg6) 47... Bxg3 $11 48. Nf4 Bxh4 49. Nxh5 Kc5 50. Nf4 Kc4 (50... Be7 $11) 51. d6 $16 {aiming for Kf5.} Kc5 {[#]} 52. Ng6 (52. Ke5 $1 $16) 52... Bd8 (52... Bf6 $11 {keeps the balance.}) 53. Ke5 {Hoping for d7.} Kc4 54. Nf4 Kc3 {[#]} 55. Nd5+ $1 Kb2 56. Nb4 Kc3 57. Nc6 Bh4 {intending ...Kb2.} 58. Ke6 $2 ({White should try} 58. d7 $18 {Intending Ke6 and mate.} Kb2 59. Nb4) 58... Kb2 $1 $11 {The position is equal.} 59. d7 Kxa2 60. Ne7 Bxe7 $1 61. Kxe7 {KP-KP} Kb1 62. d8=Q {White threatens Qd3+ and mate.} a2 63. Qb6+ Ka1 64. Qd4+ Kb1 65. Qb4+ Ka1 66. Qc3+ Kb1 {Accuracy: White = 52%, Black = 42%.} 1/2-1/2

[Event "XXVII Actius Vallfogona Open"]
[Site "Vallfogona de Balaguer"]
[Date "2019.09.22"]
[Round "6.10"]
[White "Movsziszian, Karen"]
[Black "Gonzalez, Raul Omar"]
[Result "1-0"]
[WhiteElo "2475"]
[BlackElo "2155"]
[Annotator "TA"]
[PlyCount "95"]
[EventDate "2019.09.22"]
[EventCountry "ESP"]
[SourceTitle "playchess.com"]
[Source "ChessBase"]
[SourceQuality "1"]

{[%evp 15,95,14,24,27,28,0,0,-14,0,-3,-12,-31,-31,-39,-39,-49,-36,-23,-10,-11,-16,-16,11,-8,15,0,69,24,20,-5,-7,0,27,14,209,202,212,207,221,157,154,161,147,162,215,215,220,191,175,140,220,120,227,229,222,232,237,243,243,240,270,271,267,255,282,275,293,306,333,339,702,439,533,500,541,516,575,566,546,546,1644,1641]} 1. g3 e5 2. c4 Nf6 3. Bg2 Bc5 4. Nc3 a6 5. e3 Nc6 6. a3 d6 7. Nge2 Ba7 8. O-O O-O 9. b4 {A22: English Opening: 1...e5 2 Nc3 Nf6} Bf5 10. d3 Qd7 11. d4 {The position is equal.} Rae8 12. b5 axb5 13. Nxb5 {[#] d5 is the strong threat.} Bb6 14. c5 dxc5 15. dxc5 Bxc5 {Strongly threatening ...Bd3.} 16. Qxd7 Nxd7 17. Nxc7 Rc8 $146 18. Nd5 Rfe8 19. Bb2 Na5 20. Bc3 Nb3 (20... Nc4 $11) 21. Ra2 (21. Rab1 $5 {[%cal Rb1b3]} Bd3 22. Rxb3 Bxe2 23. Re1 $16 (23. Rxb7 Bxf1 24. Kxf1 Nf6 $11)) 21... Bd3 22. a4 Bc4 {With the idea ...Nd4.} 23. Rc2 Ba3 24. Rd1 Ndc5 $2 {[#]} (24... Red8 $11 {and Black has nothing to worry.}) 25. Nb6 $1 $18 {[%cal Rb6c4]} Bd3 26. Ra2 Rcd8 27. Rxd3 ({Don't play} 27. Rxa3 Bxe2 28. Rxd8 Rxd8) 27... Rxd3 28. Rxa3 Rd1+ 29. Bf1 Nd2 (29... Red8 $142) 30. Bxd2 $1 Rxd2 31. Nc3 Red8 32. Bc4 Rc2 (32... Rb2 $16 {might work better.}) 33. Nbd5 ({White has to play} 33. Bd5 $18) 33... Ne4 (33... g6 $16 {keeps fighting.}) 34. Nxe4 Rxc4 35. Nec3 Kf8 36. Rb3 Rc5 37. e4 ({Don't take} 37. Rxb7 $6 Rdxd5 38. Nxd5 Rxd5) 37... Rd7 38. f3 f6 39. Kf2 Kf7 40. Ke3 Ke6 41. Rb6+ Rc6 {If only Black now had time for ...Rxb6....} 42. Rb5 Rdc7 $2 (42... Rc4 43. a5 Kf7) 43. Kd3 {White is clearly winning.} Rd7 44. a5 Rf7 45. g4 g6 46. Na4 Kd6 47. Nab6 Rd7 48. Nxd7 {[%mdl 64] Discovered Attack. Accuracy: White = 71%, Black = 25%.} 1-0

[Event "XXVII Actius Vallfogona Open"]
[Site "Vallfogona de Balaguer"]
[Date "2019.09.22"]
[Round "7.1"]
[White "Sosa, Tomas"]
[Black "Munoz, Miguel"]
[Result "1-0"]
[WhiteElo "2524"]
[BlackElo "2519"]
[Annotator "ChessBase"]
[PlyCount "78"]
[EventDate "2019.09.22"]
[EventCountry "ESP"]
[SourceTitle "playchess.com"]
[Source "ChessBase"]
[SourceQuality "1"]
[TimeControl "900+5"]

1. e4 d5 2. exd5 Qxd5 3. Nc3 Qa5 4. d4 Nf6 5. Bc4 Bg4 6. f3 Bd7 7. Nge2 e6 8. Bd2 Qb6 9. Be3 c5 10. Qd2 cxd4 11. Bxd4 Bc5 12. O-O-O Bxd4 13. Nxd4 O-O 14. g4 Rc8 15. Bb3 Na6 16. g5 Ne8 17. h4 Nc5 18. h5 Nxb3+ 19. Nxb3 Rc7 20. g6 h6 21. gxf7+ Kxf7 22. Ne4 Bc6 23. Rhg1 Rac8 24. c3 Bd5 25. Rg6 Kf8 26. Nd4 Bxa2 27. Qf4+ Rf7 28. Qe5 Qc7 29. Qxc7 Rcxc7 30. b3 e5 31. Ne6+ Kg8 32. Nxc7 Nxc7 33. Kb2 Bxb3 34. Kxb3 Kh7 35. Rgd6 Rxf3 36. Rd7 Ne6 37. Kc2 Rf4 38. Re7 Nf8 39. Rg1 Kg8 1-0

[Event "XXVII Actius Vallfogona Open"]
[Site "Vallfogona de Balaguer"]
[Date "2019.09.22"]
[Round "7.2"]
[White "Cuartas, Jaime Alexander"]
[Black "Henriquez Villagra, Cristobal"]
[Result "0-1"]
[WhiteElo "2523"]
[BlackElo "2587"]
[Annotator "ChessBase"]
[PlyCount "80"]
[EventDate "2019.09.22"]
[EventCountry "ESP"]
[SourceTitle "playchess.com"]
[Source "ChessBase"]
[SourceQuality "1"]
[TimeControl "900+5"]

1. e4 c6 2. d3 d5 3. Nd2 e5 4. Ngf3 Bd6 5. d4 exd4 6. exd5 cxd5 7. Bb5+ Nc6 8. Nxd4 Nge7 9. O-O O-O 10. N2f3 Bg4 11. Be2 h6 12. Be3 Rc8 13. c3 Bb8 14. Re1 Re8 15. Qd2 Qd6 16. g3 Qf6 17. Nxc6 Nxc6 18. Nd4 Bxe2 19. Rxe2 Ne5 20. Rae1 Nc4 21. Qc2 Re4 22. Bc1 Rxe2 23. Qxe2 Be5 24. Nf3 Bc7 25. Kg2 Bb6 26. Bf4 Qf5 27. h4 Rc6 28. Qe8+ Kh7 29. Re7 Rf6 30. b3 Nd6 31. Qd7 Qc2 32. Nd4 Bxd4 33. cxd4 Ne4 34. Qxd5 Qxf2+ 35. Kh3 Qf1+ 36. Kh2 Qe2+ 37. Kh3 Rxf4 38. gxf4 Qf3+ 39. Kh2 Qg3+ 40. Kh1 Nf2# 0-1

[Event "XXVII Actius Vallfogona Open"]
[Site "Vallfogona de Balaguer"]
[Date "2019.09.22"]
[Round "7.3"]
[White "Moskalenko, Viktor"]
[Black "Cruz, Jonathan"]
[Result "1/2-1/2"]
[WhiteElo "2475"]
[BlackElo "2409"]
[Annotator "TA"]
[PlyCount "76"]
[EventDate "2019.09.22"]
[EventCountry "ESP"]
[SourceTitle "playchess.com"]
[Source "ChessBase"]
[SourceQuality "1"]

{[%evp 16,76,16,16,25,7,10,8,44,3,29,29,72,38,71,47,36,50,66,68,76,62,127,107,122,109,122,79,145,147,146,140,139,131,137,127,143,137,510,211,200,8,64,8,8,8,54,-56,0,0,0,0,0,0,0,0,0,0,0,0,0,0,8]} 1. d4 Nf6 2. c4 g6 3. Nc3 d5 4. cxd5 Nxd5 5. Bd2 Bg7 6. e4 Nxc3 7. Bxc3 O-O 8. Nf3 c5 9. d5 Bg4 {D90: Grünfeld: 4 Nf3 Bg7 sidelines} 10. Be2 Nd7 (10... e6 11. O-O exd5 12. exd5 Nd7 13. h3 Bxf3 14. Bxf3 Ne5 15. g3 Qd6 16. Bg2 b5 17. b3 Rac8 {½-½ (60) Mecking,H (2604)-Dominguez Perez,L (2723) Campinas 2013}) 11. O-O Qc7 12. Nd2 $146 ({Predecessor:} 12. h3 Bxf3 13. Bxf3 b5 14. a3 a5 15. Rc1 Bxc3 16. bxc3 c4 17. Qd2 {½-½ (41) Meise,J (1816)-Dannehr,J Vellmar 2015}) 12... Bxe2 13. Qxe2 Be5 14. g3 Rac8 15. Rac1 Bxc3 16. Rxc3 Rce8 17. Qd3 f5 18. f4 fxe4 (18... Rd8 $14) 19. Nxe4 $16 ({Don't take} 19. Qxe4 Nf6) 19... Rf5 20. Qc4 {aiming for d6+.} Kh8 21. Nxc5 {g4 is the strong threat.} Qb6 (21... Nf6 $142) 22. b4 Nf6 23. Rd3 Rd8 {[%cal Rf5d5]} 24. Rfd1 a5 {[#]} 25. a3 $1 axb4 26. axb4 g5 $2 {[%mdl 8192] [#]} (26... Rd6 $16 27. h3 h5) 27. fxg5 (27. d6 $142 $1 {[%mdl 512]} Rxd6 28. Rxd6 exd6 {[%mdl 64] Pin} 29. Qe6 {[%mdl 64] Double Attack} Qxb4 30. Qc8+ Ng8 31. Qxf5 Qxc5+ 32. Qxc5 dxc5 33. fxg5) 27... Rxg5 $18 28. Kg2 $2 ({White should play} 28. Qc3 $18) 28... Re5 (28... Rgxd5 $11 29. Rxd5 Rxd5 30. Rxd5 Qc6 {[%mdl 64] Pin}) 29. R1d2 (29. Qf4 $14 Re2+ 30. Kh1) 29... Rdxd5 30. Rxd5 Nxd5 31. Re2 ({Don't go for} 31. Rxd5 $2 Qc6 $19) ({Better is} 31. Qd4 $14 Qf6 32. Rf2 Ne3+ 33. Kg1) 31... Rxe2+ (31... Qxb4 $15 32. Qxb4 Rxe2+ 33. Kf3 Nxb4 34. Kxe2 b5) 32. Qxe2 $11 {The position is equal.} Qc6 {Hoping for ...Nf4+.} 33. Qf3 {[%cal Rf3f8]} (33. Kg1 {keeps more tension.} Qd6 34. Nd3 Nf6 35. Qe3 Kg7 36. Kf1) 33... Nxb4 34. Nxb7 Qxf3+ 35. Kxf3 Kg7 36. Ke4 Kf6 37. Nc5 Nc6 38. Nd3 Nb8 {Accuracy: White = 32%, Black = 45%.} 1/2-1/2

[Event "XXVII Actius Vallfogona Open"]
[Site "Vallfogona de Balaguer"]
[Date "2019.09.22"]
[Round "7.4"]
[White "Oliva Castaneda, Kevel"]
[Black "Martin Duque, Jesus"]
[Result "1-0"]
[WhiteElo "2470"]
[BlackElo "2373"]
[Annotator "TA"]
[PlyCount "129"]
[EventDate "2019.09.22"]
[EventCountry "ESP"]
[SourceTitle "playchess.com"]
[Source "ChessBase"]
[SourceQuality "1"]

{[%evp 12,129,23,28,21,31,49,49,79,24,115,107,114,114,126,102,265,258,267,266,263,239,265,263,295,245,258,214,281,263,287,255,283,219,233,233,214,216,212,193,193,197,244,262,261,256,239,260,229,89,89,12,12,12,12,12,15,18,23,14,19,14,17,32,56,49,112,103,12836,12836,12837,12837,12837,12838,12839,12839,12839,12839,12840,12836,12839,12839,12840,12837,12844,12844,12846,12844,12845,12844,12845,12843,12845,12845,12845,12843,12844,12843,12845,12844,12845,12844,12845,12845,12846,12845,12845,12846,12846,12847,12847,12847,12849,12849,12850,12848,12850,12850,12850,12850]} 1. Nf3 Nf6 2. c4 b6 3. g3 Bb7 4. Bg2 g6 5. O-O Bg7 6. d4 O-O 7. d5 Ne4 {A50: Queen's Fianchetto Defence (1 d4 Nf6 2 c4 b6)} (7... Na6 8. Nc3 Nc5 9. Nd4 a5 10. e4 e5 11. Nc2 d6 12. b3 Bc8 13. Rb1 Bd7 14. a3 a4 15. b4 {0-1 (38) Vidit,S (2707)-Rapport,R (2736) Hengshui 2019}) 8. Qc2 Nd6 9. e4 $146 ({Predecessor:} 9. Bf4 Na6 10. e4 f6 11. Nd4 Nf7 12. Nc3 Qc8 13. Bh3 f5 14. exf5 Bxd4 15. fxg6 {1-0 (39) Svane,R (2560)-Filipovic,B (2402) Basel 2017}) 9... e6 {White is slightly better.} 10. Bg5 (10. e5 $16 Nf5 11. Nc3) 10... Qe8 (10... f6 $11 {keeps the balance.} 11. Bf4 e5) 11. e5 $16 Nf5 12. Nc3 h6 13. Bd2 Qe7 $2 (13... Qd8 $16) 14. g4 $18 Nh4 15. d6 $1 {[%cal Rd6e7]} cxd6 16. exd6 ({Don't take} 16. Nxh4 $6 Bxg2 17. Nxg2 dxe5 $16) 16... Qxd6 17. Nxh4 Nc6 18. Ne4 Qe7 19. Nf3 f5 20. gxf5 Rxf5 21. Bc3 Raf8 22. Bxg7 Qxg7 23. Nfd2 Nd4 24. Qd3 $1 Rf4 25. Rae1 Nf5 26. Qc3 Qe7 27. Ng3 Bxg2 28. Kxg2 Nh4+ 29. Kg1 Qc5 {[%cal Rf4f2]} 30. Re4 ({Don't play} 30. Nde4 $6 Qc6 $16) (30. Re3 $18 {has better winning chances.}) 30... Rxf2 $16 {[%csl Gf8][%cal Rf2f1] [#]} 31. Qd4 (31. Kh1 $1 $16) 31... Rxd2 $1 $11 32. Qxc5 $40 {[%mdl 128] Black needs to defend precisely.} Rg2+ 33. Kh1 Rxf1+ 34. Nxf1 {Qc8+ would kill now.} bxc5 35. Rxh4 Rxb2 36. Rxh6 {[%mdl 4096] Endgame KRN-KR} Kg7 37. Rh3 Rxa2 38. Rd3 d5 (38... a5 $14) 39. cxd5 $16 c4 $2 {[%mdl 8192] [#]} (39... exd5 $16 40. Rxd5 c4) 40. d6 $1 $18 {[%cal Rd6d7] White is clearly winning.} cxd3 {KR-KN} 41. d7 Rf2 42. d8=Q Rxf1+ {KQ-KR} 43. Kg2 Rf5 44. Qxd3 a5 45. Kg3 Rd5 46. Qc3+ Kf7 47. Kf4 g5+ 48. Kg4 Ke7 49. Kh5 Kd6 50. Kg6 Rf5 51. Qd4+ Kc6 52. Qc4+ Kd6 53. Qa6+ Kd7 54. Qb6 Rd5 55. Qb7+ Kd6 56. Kf7 Rf5+ 57. Ke8 Rd5 58. Qb6+ Ke5 59. Ke7 Kf4 60. Kxe6 Re5+ 61. Kf6 {Intending Qd4+ and mate.} Rd5 62. Qe6 Rb5 63. Qd6+ Ke3 64. Qc6 Rb2 {[#]} 65. Kxg5 {Played: Qc6-c3} 1-0

[Event "XXVII Actius Vallfogona Open"]
[Site "Vallfogona de Balaguer"]
[Date "2019.09.22"]
[Round "7.5"]
[White "Adel Lahchaichi, Oussama"]
[Black "Perez Mitjans, Orelvis"]
[Result "0-1"]
[WhiteElo "2282"]
[BlackElo "2409"]
[Annotator "TA"]
[PlyCount "42"]
[EventDate "2019.09.22"]
[EventCountry "ESP"]
[SourceTitle "playchess.com"]
[Source "ChessBase"]
[SourceQuality "1"]

{[%evp 22,42,29,25,27,29,35,18,23,20,11,-26,0,0,6,-227,-226,-223,-219,-267,-268,-268,-263]} 1. c4 Nf6 2. g3 e6 3. Bg2 d5 4. Nf3 c5 5. cxd5 exd5 6. d4 Nc6 7. Nc3 Be7 8. O-O O-O 9. b3 Ne4 10. Bb2 Bf6 11. Nxe4 dxe4 12. Nd2 Bxd4 {D34: Tarrasch Defence: 6 g3 Nf6 7 Bg2 Be7} 13. Bxd4 Nxd4 14. Nxe4 Bg4 {The position is equal.} 15. f3 Bf5 16. Nxc5 $146 (16. e3 $5 {[%cal Re3d4]} Bxe4 17. exd4 $11 (17. fxe4 Nc6 $11)) ({Predecessor:} 16. e3 Bxe4 17. exd4 Bg6 18. f4 Qd7 19. dxc5 Bd3 20. Re1 {1-0 (37) Shumyatsky,V (2352)-Leitao,R (2626) Americana 2010}) 16... Bc2 17. Qe1 Qe7 18. Ne4 $2 {[#]} (18. e3 $11 {and White has nothing to worry.} Qxc5 19. exd4 Qxd4+ 20. Qf2) 18... Bxe4 $1 $19 19. Qf2 Nc2 20. Rac1 Bg6 {Threatens to win with ...Ne3.} 21. e4 Nb4 0-1